Rob's General Knowledge - Multiple Choice #12 - Statistics

General Stats
  • This quiz has been taken 24 times
  • The average score is 11 of 20
Answer Stats
Question Answer % Correct
Which Asian capital shares its name with a variety of envelope? Manila
100%
Which of the following people did NOT host Top Gear? Gordon Ramsay
82%
Which everyday device was invented by László Bíró? Ballpoint pen
73%
Which is the world's largest banking company? JP Morgan Chase
73%
Which movie was subtitled 'How I Learned to Stop Worrying and Love the Bomb'? Dr. Strangelove
64%
Who is the bassist of the Red Hot Chili Peppers? Flea
64%
Montenegro's capital Podgorica was previously named after which communist leader? Josip Broz Tito
64%
Which city has the world's oldest metro system? London
64%
Which of the following airports does NOT serve New York? Ronald Reagan National Airport
64%
In 1976, which Vietnamese city was officially renamed Ho Chi Minh City? Saigon
64%
Which country's capital is an anagram of 'Amish Doug'? Somalia
64%
'Doctor Sleep' is the sequel to which Stephen King novel? The Shining
55%
Before becoming Ronald Reagan's Vice-President, George H.W. Bush was in charge of which organisation? CIA
45%
Grok is the AI assistant on which social media platform? X (Twitter)
45%
In Star Trek, what was Leonard McCoy's nickname? Bones
36%
Which of the following national flags does NOT feature a bird? Chile
36%
The capital of Sierra Leone is Freetown. Which other African country's capital means 'free town'? Gabon
36%
The source of the Mississippi River can be found in which State? Minnesota
36%
China shares its shortest border with which country? Afghanistan
27%
Which present-day country was formerly known as 'Nyasaland'? Malawi
27%
No matching quizzes found
Score Distribution
Percent of People with Each Score
Percentile by Number Answered
Your Score History
You have not taken this quiz